El Ingenioso Hidalgo Don Quixote de la Mancha (Record no. 2110)
[ view plain ]
| 000 -CABECERA | |
|---|---|
| campo de control de longitud fija | 01582nam a2200277 a 4500 |
| 001 - NÚMERO DE CONTROL | |
| campo de control | BRCA_2369 |
| 005 - FECHA Y HORA DE LA ÚLTIMA TRANSACCIÓN | |
| campo de control | 20190320203757.0 |
| 008 - DATOS DE LONGITUD FIJA--INFORMACIÓN GENERAL | |
| campo de control de longitud fija | 061108s1607----be-#---###---#000-0#spa-u |
| 041 ## - CÓDIGO DE LENGUA | |
| Código de lengua del texto/banda sonora o título independiente | spa |
| 044 ## - CÓDIGO DEL PAÍS DE LA ENTIDAD EDITORA/PRODUCTORA | |
| Código MARC del país | be |
| 084 ## - OTRO NÚMERO DE CLASIFICACIÓN | |
| Número de clasificación | 010 |
| Número de documento/Ítem | .V45 |
| -- | 1607 |
| 100 1# - ENTRADA PRINCIPAL--NOMBRE DE PERSONA | |
| Nombre de persona | Cervantes Saavedra, Miguel de |
| Fechas asociadas al nombre | 1547-1616 |
| 9 (RLIN) | 213 |
| 245 10 - MENCIÓN DE TÍTULO | |
| Título | El Ingenioso Hidalgo Don Quixote de la Mancha |
| Resto del título | dirigido al Duque de Béjar |
| Mención de responsabilidad, etc. | compuesto por Miguel de Cervantes Saavedra. |
| 260 ## - PUBLICACIÓN, DISTRIBUCIÓN, ETC. | |
| Lugar de publicación, distribución, etc. | Bruselas |
| Nombre del editor, distribuidor, etc. | Roger Velpius |
| Fecha de publicación, distribución, etc. | 1607 |
| 300 ## - DESCRIPCIÓN FÍSICA | |
| Extensión | 1 v. (en varias paginaciones) |
| Dimensiones | 16 cm. |
| 500 ## - NOTA GENERAL | |
| Nota general | Contenido : Dedicatoria del autor al Duque de Béjar. Prólogo del autor. Versos preliminares. Privilegio de los príncipes Alberto e Isabel Clara Eugenia. Texto |
| 500 ## - NOTA GENERAL | |
| Nota general | La primera edición conocida que se publico fuera de la Península Ibérica. Sigue el texto de la segunda edición de Cuesta con algunas correcciones. La calidad del papel, finura de tipos y la relativa pureza del texto, hacen a esta edición una de las mejores y más apreciadas de cuantas se imprimieron durante el siglo XVII. Es muy solicitada por los cervantistas. Ejemplar bastante bien conservado; encuadernado en pergamino Lúdovik Osterc |
| 500 ## - NOTA GENERAL | |
| Nota general | Estado físico : Recuperación física en 2008 |
| 650 14 - PUNTO DE ACCESO ADICIONAL DE MATERIA--TÉRMINO DE MATERIA | |
| Término de materia o nombre geográfico como elemento de entrada | Novela española |
| Subdivisión cronológica | Época clásica, 1500-1700 |
| 9 (RLIN) | 215 |
| 650 14 - PUNTO DE ACCESO ADICIONAL DE MATERIA--TÉRMINO DE MATERIA | |
| Término de materia o nombre geográfico como elemento de entrada | Literatura española |
| Subdivisión cronológica | Época clásica, 1500-1700 |
| 9 (RLIN) | 216 |
| 650 14 - PUNTO DE ACCESO ADICIONAL DE MATERIA--TÉRMINO DE MATERIA | |
| Término de materia o nombre geográfico como elemento de entrada | Novela española |
| Subdivisión cronológica | Siglo XVII |
| 9 (RLIN) | 217 |
| 650 14 - PUNTO DE ACCESO ADICIONAL DE MATERIA--TÉRMINO DE MATERIA | |
| Término de materia o nombre geográfico como elemento de entrada | Don Quijote (Personaje ficticio) |
| Término indicativo de función/relación | Novela |
| 9 (RLIN) | 218 |
| 740 0# - PUNTO DE ACCESO ADICIONAL--TÍTULO RELACIONADO O ANALÍTICO NO CONTROLADO | |
| Título relacionado o analítico no controlado | El Ingenioso Hidalgo Don Quijote de la Mancha |
| 902 ## - CATALOGADOR | |
| Iniciales | QFM |
| 942 ## - ELEMENTOS DE PUNTO DE ACCESO ADICIONAL (KOHA) | |
| Fuente del sistema de clasificación o colocación | Library of Congress Classification |
| Tipo de ítem Koha | Libros |
| Estado de retiro | Estado de pérdida | Estado dañado | No para préstamo | Localización permanente | Ubicación/localización actual | Fecha de adquisición | Total de préstamos | Signatura topográfica completa | Código de barras | Fecha visto por última vez | Precio válido a partir de | Tipo de ítem Koha |
|---|---|---|---|---|---|---|---|---|---|---|---|---|
| El ejemplar forma parte de la colección y puede ser consultado según las políticas vigentes. | Biblioteca del Museo Franz Mayer (Rogerio Casas-Alatriste) | Biblioteca del Museo Franz Mayer (Rogerio Casas-Alatriste) | 06/11/2008 | 010 .V45 1607 | 2366 | 22/03/2019 | 22/03/2019 | Libros |